Statistics for Countries By Facts #2

Click here to take the quiz!

General Stats

  • This quiz has been taken 19 times
  • The average score is 7 of 10

Answer Stats

FactsAnswer% Correct
I once fought a war called “The Football War”, and my name means “The Savior”El Salvador
100%
I am sometimes called the oldest still surviving country, and I cover about 24 square milesSan Marino
88%
I am one of the two doubly landlocked country, the other being Liechtenstein, and is the 56th largest country covering 172,700 square miles, comparable to California or Spain sizeUzbekistan
81%
My capital is Ouagadougou, and my official language is FrenchBurkina Faso
75%
I have the most tourists per year in 2019, the official language of this country has been the official language of England for about 300 yearsFrance
75%
I was home to probably the richest man on earth ever because of gold, and I’m the largest country in West AfricaMali
75%
The Independence Day wasn’t meant to be on that particular day, and I had 27 different flagsUnited States
75%
I have change my flag the most of any country on earth, and I’m the largest producer of opium but a certain group may stop the exports of the opiumAfghanistan
63%
I am a Bilingual Nation, and I have the largest navy power of any landlocked countryParaguay
44%
My name means “land of high mountains”, and I was the second ever colony to gain independence, the first being the United StatesHaiti
38%

Score Distribution

Percentile by Number Answered

Percent of People with Each Score

Your Score History

You have not taken this quiz